000 01052cam a2200301 i 4500
001 26955
003 Mx-PuUPA
005 20230817141316.0
008 140415s1987 mx d gr 000 0 spa d
020 _a9786070735677
040 _cMx-PuUPA
_aMx-PuUPA
_bspa
_dMx-PuUPA
_erda
041 0 _aspa
100 1 _aLigorría Carballido, Julio,
_d1956-
_914064
_eautor
245 1 0 _aCrisis :
_bla administración de lo inesperado /
_cJulio Ligorría Carballido
250 _aPrimera edición /
_bagosto
264 1 _aCiudad de México :
_bEditorial Planeta Mexicana,
_c©2016
300 _a219 páginas :
_bdiagramas ;
_c23 cm
336 _2rdacontent
_atexto
_btxt
337 _2rdamedia
_asin medio
_bn
338 _2rdacarrier
_avolumen
_bnc
650 7 _2armarc
_aComunicación en gestión de crisis
650 7 _2armarc
_aGestión de crisis
650 7 _2armarc
_aAdministración
650 7 _2armarc
_aSolución de problemas
_xToma de decisiones
942 _2ddc
_cLI
_h658.15
_iL723
999 _c26955
_d26955